Países con más calvos del mundo - Estadísticas

Estadísticas generales
  • Esta prueba ha sido intentada 79 veces
  • La puntuación promedio es 20 de 30
Estadísticas de respuestas
Países Porcentaje % Correcto
1 España 44.50%
100%
4 Estados Unidos 42.68%
95%
3 Francia 44.25%
95%
2 Italia 44.37%
94%
5 Alemania 41.51%
90%
18 Rusia 38.10%
89%
14 México 39.75%
87%
23 Japón 35.14%
81%
12 Reino Unido 40.09%
81%
7 Canadá 40.94%
77%
24 Suecia 35.03%
77%
22 Brasil 35.69%
76%
17 Suiza 38.28%
76%
27 Grecia 34.07%
73%
10 Noruega 40.75%
69%
13 Turquía 40.03%
68%
21 Bélgica 35.71%
66%
9 Australia 40.80%
65%
29 India 33.57%
65%
26 Finlandia 34.23%
63%
16 Irlanda 38.53%
61%
28 Chile 33.64%
48%
8 República Checa 40.90%
45%
6 Croacia 41.32%
44%
11 Nueva Zelanda 40.19%
44%
15 Arabia Saudí 38.65%
42%
20 Hungría 36.04%
42%
25 Irán 34.52%
40%
30 Pakistán 33.56%
37%
19 Emiratos Árabes Unidos 37.86%
18%
No se encontraron pruebas coincidentes
Distribución de puntuación
Porcentaje de gente con cada puntuación
Porcentaje por número respondido
Historial de tus puntuaciones
No has intentado esta prueba.